Rizikové faktory pracovného prostredia /

Salvato in:
Dettagli Bibliografici
Autori principali: Schwarz, Marián, Dado, Miroslav (Autore), Hnilica, Richard (Autore)
Natura: Libro
Lingua:slovacco
Pubblicazione: Zvolen : Technická univerzita vo Zvolene, 2013
Edizione:1. vydanie
Soggetti:
Tags: Aggiungi Tag
Nessun Tag, puoi essere il primo ad aggiungerne!!

MARC

LEADER 00000nam a22000003a 4500
001 0089358
003 SK-STU
005 20210706124450.0
007 ta
008 210706s ----xo-----e------000-0-----d
020 |a 978-80-228-2581-8 
040 |a STU  |b slo 
041 0 |a slo 
044 |a xo 
100 1 |a Schwarz, Marián 
245 1 0 |a Rizikové faktory pracovného prostredia /  |c Marián Schwarz, Miroslav Dado, Richard Hnilica 
250 |a 1. vydanie 
260 |a Zvolen :  |b Technická univerzita vo Zvolene,  |c 2013 
300 |a 439 s. 
650 0 7 |a pracovné podmienky 
650 0 7 |a bezpečnosť a ochrana zdravia pri práci 
650 0 7 |a chemické faktory 
650 0 7 |a hluk a vibrácie 
650 0 7 |a žiarenie 
650 0 7 |a svetlo 
650 0 7 |a tepelno-vlhkostná mikroklíma 
650 0 7 |a hodnotenie budov 
700 1 |a Dado, Miroslav  |4 aut 
700 1 |a Hnilica, Richard  |4 aut 
996 |b 284AU08758  |c A* 12036/U  |l AAKNST  |s P  |a 0  |w 0089358_0001 
996 |b 284AU08759  |c A* 12037/U  |l AAKNAR  |s A  |a 24  |w 0089358_0002